00580cam a22002051 4500001001300000003000400013005001700017008004100034010001700075035002000092040001700112042001200129050001800141100001700159245008800176260004400264300002800308752002100336999001700357he 68002030 DLC20260227111500.0840406s1966 is j 000 0 heb  ahe 68002030  a(OCoLC)19151902 aDLCcMHdDLC apremarc00aPZ90.H3bO3741 aOfek, Uriel.13aha-Yom ha-shemesh meḥayekhet :bshirim li-yeladim /cha-tsiyurim: Ḥanah Adolfi. aTel Aviv :bY. Ts'ets'iḳ,c726 [1966] a64 p. :bill. ;c25 cm. aIsraeldTel Aviv c33482d33482